000 00388nam a22001457a 4500
003 SISC
005 20170628162427.0
008 170628b xxu||||| |||| 00| 0 eng d
020 _a9781308798141
050 _aTS 155
_b.Op61 2016
245 _aOperations management /
260 _aManila :
_bMcGraw Hill,
_c2016.
300 _aiv, 373 pages :
_billustrations ;
_c25 cm.
942 _2lcc
_cBK
999 _c335254
_d335254